<?xml version="1.0" encoding="UTF-8"?>
<record
    xmlns:xsi="http://www.w3.org/2001/XMLSchema-instance"
    xsi:schemaLocation="http://www.loc.gov/MARC21/slim http://www.loc.gov/standards/marcxml/schema/MARC21slim.xsd"
    xmlns="http://www.loc.gov/MARC21/slim">

  <leader>01484nam a2200169 i 4500</leader>
  <controlfield tag="001">170833</controlfield>
  <controlfield tag="003">ES-MaACL</controlfield>
  <controlfield tag="005">20230906214454.0</controlfield>
  <controlfield tag="008">090408s1901    sp           |||| | spa d</controlfield>
  <datafield tag="080" ind1=" " ind2=" ">
    <subfield code="a">94(460)</subfield>
  </datafield>
  <datafield tag="110" ind1="2" ind2=" ">
    <subfield code="a">Real Academia de la Historia (Espa&#xF1;a)</subfield>
    <subfield code="9">6309</subfield>
  </datafield>
  <datafield tag="245" ind1="1" ind2="0">
    <subfield code="a">Discursos le&#xED;dos ante la Academia de la Historia, </subfield>
    <subfield code="f">1901 / </subfield>
    <subfield code="c">Real Academia de la Historia.</subfield>
  </datafield>
  <datafield tag="260" ind1=" " ind2=" ">
    <subfield code="a">Madrid : </subfield>
    <subfield code="b">[s.n.], </subfield>
    <subfield code="c">1901 (</subfield>
    <subfield code="f">Imp. de los Hijos de M. G. Hern&#xE1;ndez)</subfield>
  </datafield>
  <datafield tag="300" ind1=" " ind2=" ">
    <subfield code="a">1 v. ; </subfield>
    <subfield code="c">25 cm.</subfield>
  </datafield>
  <datafield tag="505" ind1="8" ind2=" ">
    <subfield code="a">Contiene: Toledo en el siglo XVI: despu&#xE9;s del vencimiento de las comunidades; Noticias bio-bibliogr&#xE1;ficas de Pedro de Madrazo y Kuntz / Jer&#xF3;nimo L&#xF3;pez de Ayala y &#xC1;lvarez de Toledo (258 p.). Contestaci&#xF3;n / Juan de Dios de la Rada y Delgado (p. 259-271). La moneda castellana; Datos biogr&#xE1;ficos de D. Valent&#xED;n Carderera y Solano / Antonio Vives (36 p.). Contestaci&#xF3;n / Eduardo Saavedra (p. 37-55). Matrimonios en Espa&#xF1;a y en Francia en 1615 / Francisco Silvela de le Vielleuze (54 p.). Contestaci&#xF3;n / Jos&#xE9; Mar&#xED;a Asensio y Toledo (p. 55-65). Car&#xE1;cter de la conquista y colonizaci&#xF3;n de las islas Canarias; Apuntes biogr&#xE1;ficoas de D. Luis Vidart y Schuch / Rafael Torres Campos (249 p.). Medallas de los gobernadores de los Pa&#xED;ses Bajos en el reinado de Felipe II; Noticia biogr&#xE1;fica de D. V&#xED;ctor Balaguer y Cirera / Adolfo Herrera y Chiesanova (57   p.). Contestaci&#xF3;n / Ces&#xE1;reo Fern&#xE1;ndez Duro (p. 59-71).</subfield>
  </datafield>
  <datafield tag="852" ind1=" " ind2=" ">
    <subfield code="a">ES-MaACL</subfield>
    <subfield code="j">K-128 </subfield>
    <subfield code="z">- Enc. pasta espa&#xF1;ola</subfield>
  </datafield>
  <datafield tag="999" ind1=" " ind2=" ">
    <subfield code="c">170833</subfield>
    <subfield code="d">170833</subfield>
  </datafield>
  <datafield tag="952" ind1=" " ind2=" ">
    <subfield code="0">0</subfield>
    <subfield code="1">0</subfield>
    <subfield code="4">0</subfield>
    <subfield code="7">0</subfield>
    <subfield code="a">ATENEOM</subfield>
    <subfield code="b">ATENEOM</subfield>
    <subfield code="c">ADM</subfield>
    <subfield code="d">2009-04-08</subfield>
    <subfield code="l">0</subfield>
    <subfield code="o">K-128</subfield>
    <subfield code="p">1179288</subfield>
    <subfield code="r">2023-02-23 00:00:00</subfield>
    <subfield code="w">2023-02-23</subfield>
    <subfield code="y">MONANT</subfield>
  </datafield>
</record>
